000
00306nam a22001217a 4500
082
_a
510
_b
SIN/T
100
_a
A.P.SINGH
245
_a
TOOLS FOR FORMATIVE ASSESSMENTS & LAB MANUAL IN MATHEMATICS
_b
CLASS X
260
_a
DELHI
_b
S.DINESH & CO
300
_a
168
650
_a
MATHS FOR CLASS X
_z
INDIA
942
_c
BK
999
_c
759
_d
759